On the Economics of International Environmental Agreements

Gespeichert in:
Bibliographische Detailangaben
1. Verfasser: Stähler, Frank
Format: Buch
Sprache:Englisch
Veröffentlicht: Kiel Institut für Weltwirtschaft 1993
Schriftenreihe:Kiel Working Paper No.600
Schlagworte:
Tags: Tag hinzufügen
Keine Tags, Fügen Sie das erste Tag hinzu!

MARC

LEADER 00000nam a2200000 4500
001 c005348
005 20250521093023.6
041 0 |a eng 
044 |a DE 
245 1 0 |a On the Economics of International Environmental Agreements  |c Frank Stähler 
264 1 |a Kiel  |b Institut für Weltwirtschaft  |c 1993 
300 |a 18 s. 
490 1 |a Kiel Working Paper  |v No.600 
830 0 |a Kiel Working Paper  |v No.600 
610 2 0 |a prostredie životné 
610 2 0 |a ochrana prostredia životného 
610 2 0 |a zdroje prírodné 
610 2 0 |a dohody 
610 2 0 |a kooperácia 
100 1 |a Stähler, Frank